Aix en Provence en images - Statistiques

Statistiques générales
  • Ce quiz a été pris 194 fois
  • Le résultat moyen est 5 sur 11
Statistiques - réponses
Par images Hint Réponse % Correct
Montagne Sainte Victoire
97%
Place La Rotonde
80%
Peintre Paul Cezanne
69%
Gastronomie Calissons
68%
Gastronomie Miel de Lavande
47%
Place Place des Cardeurs
39%
Divertissement Le Mistral
35%
Culture Musée Granet
29%
Cours d'eau L'Arc
20%
Gastronomie Pompe à huile
16%
Gastronomie Daube Provençale
7%
Aucun quiz correspondant
Distribution des résultats
% des personnes avec chaque résultat
Percentile par nombre de réponses
Votre historique - résultats
Vous n’avez pas pris ce quiz